| 000 | 01070cam a2200337 i 4500 | ||
|---|---|---|---|
| 001 | 010698181 | ||
| 003 | EG-ScBUE | ||
| 005 | 20240320100830.0 | ||
| 008 | 910828r19981991enka f 001 0 eng d | ||
| 020 | _a0582317851 (pbk) | ||
| 020 | _a9780582317857 | ||
| 040 |
_aUk _beng _erda _cUk _dEG-ScBUE |
||
| 082 | 0 | 4 |
_a930 _bCOO _222 |
| 100 | 1 |
_aCootes, R. J. _q(Richard John) _eauthor. |
|
| 245 | 1 | 4 |
_aThe ancient world / _cR. J. Cootes and L. E. Snellgrove. |
| 250 | _aSeventh impression. | ||
| 264 | 1 |
_aLondon : _bLongman, _c1998. |
|
| 300 |
_a223 pages : _billustrations ; _c27 cm. |
||
| 336 |
_2rdacontent _atext _btxt |
||
| 337 |
_aunmediated _2rdamedia _bn |
||
| 338 |
_avolume _bnc _2rdacarrier |
||
| 490 | 0 |
_aLongman secondary histories ; _v1 |
|
| 500 | _aIncludes index. | ||
| 650 | 7 |
_aCivilization, Ancient _xJuvenile literature. _2BUEsh |
|
| 651 | _2BUEsh | ||
| 653 |
_bGGEN _cJune2018 |
||
| 655 | _vReading book | ||
| 700 | 1 |
_aSnellgrove, L. E. _q(Laurence Ernest), _d1928- _eauthor. |
|
| 942 |
_2ddc _cBB |
||
| 999 |
_c26788 _d26760 |
||